[Event "MPL 47th National Women Chess-ch 2022"]
[Site "Odisha"]
[Date "2022.02.28"]
[Round "6.13"]
[White "Nandhidhaa, P V"]
[Black "Deodhar, Vrushali Umesh"]
[Result "0-1"]
[WhiteElo "2380"]
[BlackElo "1974"]
[Annotator "TA"]
[PlyCount "174"]
[EventDate "2022.02.25"]
[EventCountry "IND"]
[SourceTitle "playchess.com"]
[Source "ChessBase"]
[SourceQuality "1"]

{[%evp 15,174,26,38,31,35,0,0,-54,-59,-53,-67,-52,-16,0,-6,-2,-25,-54,25,19,25,33,12,29,13,19,38,-11,-13,-83,-103,-102,-109,-109,-111,-114,-33,-54,-63,-66,-37,-107,-54,-118,-118,-121,-129,-147,-97,-96,-88,-95,-102,-117,-80,-93,-97,-92,-96,-95,-89,-133,-68,-66,-65,-61,-54,-68,-68,-97,-100,-96,-92,-92,-72,-73,-43,-43,0,0,0,-76,-21,-22,-38,-64,-41,-43,-41,-46,-52,-36,-33,-164,-164,-164,-164,-176,-166,-181,-170,-175,-176,-212,-212,-212,-212,-1073,-1058,-29969,-758,-754,-747,-746,-729,-672,-708,-680,-629,-1632,-1575,-4731,-1836,-29966,-29970,-29970,-29970,-29970,-29974,-29991,-29992,-29992,-29976,-29974,-29975,-29974,-29976,-29978,-29977,-29977,-29978,-29980,-29981,-29984,-29985,-29986,-29985,-29987,-29988,-29988,-29988,-29988,-29989,-29989,-29990,-29998,-29992,-29995,-29996,-29996,-29997]} 1. e4 c5 2. Nf3 Nc6 3. d4 cxd4 4. Nxd4 Qb6 5. Nb3 Nf6 6. Nc3 e6 7. Qe2 Bb4 8. Bd2 O-O 9. a3 {B33: Sicilian: Pelikan and Sveshnikov Variations.} Be7 10. g4 d5 {[#]} 11. e5 $146 (11. g5 $11 Nxe4 12. Nxe4 dxe4 13. Qxe4) ({Predecessor:} 11. g5 Nxe4 12. Nxe4 dxe4 13. Qxe4 e5 14. Be3 Qc7 15. Bg2 g6 16. O-O Bf5 17. Qc4 {½-½ (48) Dragomirescu,R (2337)-Chirila,I (2536) Chess.com INT 2020}) 11... Nd7 $15 12. f4 Bh4+ 13. Kd1 f6 14. exf6 Nxf6 {[%cal Oe6e5] Threatening ...e5!} 15. g5 Ne8 16. Qh5 {aiming for Bd3.} Bf2 ({Black should play} 16... Qf2 $1 $15) 17. Bd3 $11 g6 18. Qe2 Bd4 19. Nxd4 Nxd4 20. Qe3 e5 (20... Qxb2 $2 21. Rb1 Nxc2 22. Bxc2 Qxa3 23. f5 $18) 21. Nxd5 (21. Kc1 $14 Be6 22. Qxe5) 21... Qc5 (21... Qxb2 $2 22. Bc3 Bg4+ 23. Kd2 Nf3+ 24. Kd1 (24. Qxf3 Qxc3+ 25. Nxc3 Bxf3 $11) 24... Nd4+ 25. Kd2 Nf3+ 26. Kd1 (26. Qxf3 Qxc3+ 27. Nxc3 Bxf3 $15) 26... Nd4+ $18) 22. Qxe5 (22. Be4 $11 {keeps the balance.} Bg4+ 23. Kc1 exf4 24. Qd3) 22... Bg4+ $17 23. Kc1 Nb3+ $1 24. Kb1 Nxd2+ 25. Ka2 Qd6 {To avoid Nf6+} (25... b6 $1 $17 26. b4 Qd6 27. Nf6+ Rxf6 28. gxf6 Qe6+ 29. Kb2 Nd6 30. Qxe6+ Bxe6) 26. Nf6+ $1 $15 Rxf6 27. gxf6 Qxf6 28. Qa5 (28. Rhe1 $15) 28... Nf3 (28... Be6+ $17 29. b3 Nf3) 29. Qb4 (29. Rad1 $15) 29... Nd6 {Dancing on a razor blade. Pair of Knights!} 30. Raf1 a5 31. Qb6 {[%cal Of4f5]} Qd4 {Black is much more active.} (31... Qe6+ $142 32. b3 a4) 32. Qxd4 $17 Nxd4 33. Re1 Kf7 34. Re5 Nc6 35. Rg5 Be6+ 36. Kb1 Nf5 37. Re1 Ncd4 38. Be4 {Prevents Nf3.} (38. Rg2 $142) 38... Ra7 (38... Re8 $1 $17 {And now ...Bc4 would win.} 39. Bxf5 Nxf5) 39. Rg2 $1 $15 b6 40. Rd2 Re7 41. Bxf5 Nxf5 42. Re5 Rc7 43. b3 Rc6 44. Kb2 Ne7 45. Rd8 a4 46. bxa4 Rc4 (46... Nc8 $15) 47. Rd6 $11 {[%csl LRb6,LRe6]} Bf5 48. c3 {[#]} (48. Rxb6 $11 {remains equal.} Rxc2+ 49. Kb3 Rxh2 50. a5) 48... Rxa4 ({Of course not} 48... Rxf4 $6 49. Rxb6 Rxa4 50. Rb7 $11) ({Better is} 48... Nc6 $1 $17 {[%cal Rc6e5]} 49. Rb5 Ke7) 49. Rxb6 Rxf4 50. Re2 {Inhibits Rf2.} Rf1 (50... Nd5 $5 {[%cal Rd5b6]} 51. Rd6 {[#]} (51. Rb7+ Kf6 $17) 51... Bg4 $1 $17) 51. Rd6 Nc8 52. Rd4 Nb6 53. a4 Be6 54. Ka3 {This costs White the game.} (54. Kc2 $15) 54... Ra1+ $19 55. Kb4 Rxa4+ 56. Kc5 Nd7+ 57. Kd6 Ra6+ 58. Kc7 Nf6 {Strongly threatening ...Nd5+.} 59. Kb7 Ra3 60. Rc2 Nd5 {[%cal Oe6f5]} 61. c4 $2 (61. Rf2+ Ke7 62. c4) 61... Rb3+ 62. Ka7 Nb4 (62... Ne7 $142 63. Rd8 Nc6+ 64. Ka6 Nxd8 65. Ka5 Nc6+ 66. Ka4 Rb8 67. Rf2+ Ke7 68. Rf4 Ne5 69. Ka3 Nxc4+ 70. Ka2 Rb2+ 71. Ka1 Rxh2 72. Rd4 h5 73. Rf4 Rh1+ 74. Ka2 Ne5+ 75. Ka3 Nd3 76. Ka4 Nxf4 77. Kb5 Rb1+ 78. Kc5 Rb3 79. Kc6 Nd3 80. Kc7 Bc4 81. Kc6 Kd8 82. Kd6 Rb6#) 63. Rf2+ Ke7 64. Re4 Nc6+ 65. Ka6 Kd7 {[%cal Od7c7] ( -> ...Kc7!)} 66. c5 Bf5 67. Rxf5 gxf5 {[%mdl 4096] Endgame KRN-KR} 68. Rh4 Ke6 69. Rxh7 Kd5 {Black mates.} 70. Rf7 Nd4 71. h4 Kxc5 72. h5 Rb6+ 73. Ka5 Rh6 74. Rc7+ Nc6+ 75. Ka4 Rxh5 76. Kb3 Rh3+ 77. Kc2 Kd5 78. Kd2 f4 {[%cal Bf5f4,Bf4f3,Bf3f2][%mdl 32]} 79. Ke2 Ne5 80. Kf2 Ke4 81. Ra7 Rh2+ 82. Kg1 Rc2 83. Re7 f3 84. Kf1 Kf4 85. Re8 Ng4 86. Rf8+ Kg3 {[%cal Rc2c1]} 87. Ke1 f2+ {Weighted Error Value: White=0.20 (precise) /Black=0.16 (very precise)} 0-1

[Event "MPL 47th National Women Chess-ch 2022"]
[Site "Odisha"]
[Date "2022.02.28"]
[Round "6.14"]
[White "Sahithi Varshini M"]
[Black "Anupam M Sreekumar"]
[Result "1-0"]
[WhiteElo "2238"]
[BlackElo "1724"]
[Annotator "TA"]
[PlyCount "61"]
[EventDate "2022.02.25"]
[EventCountry "IND"]
[SourceTitle "playchess.com"]
[Source "ChessBase"]
[SourceQuality "1"]

{[%evp 19,61,27,25,25,37,22,47,28,19,23,33,43,49,48,78,62,91,64,118,111,112,111,105,105,112,91,152,144,159,182,189,171,287,243,457,450,682,640,1271,541,1964,1885,29996,29997]} 1. e4 e5 2. Nf3 Nc6 3. Bb5 a6 4. Ba4 Nf6 5. Qe2 b5 6. Bb3 Be7 7. c3 d6 8. O-O O-O 9. Rd1 Bg4 10. h3 Bh5 11. d3 {C86: Closed Ruy Lopez: Worrall Attack.} Re8 12. Nbd2 {[%cal Bb1d2,Bd2f1,Bf1g3][%mdl 32]} Bf8 13. Nf1 {White is slightly better.} Na5 14. Bc2 c5 15. g4 {[%cal Bg2g4,Bg4g5][%mdl 32]} Bg6 16. Ng3 {[#]} d5 $146 ({Predecessor:} 16... Nc6 17. a3 Qc8 18. Bb3 c4 19. Bc2 cxd3 20. Bxd3 d5 21. Nd2 Na5 22. f3 dxe4 23. fxe4 {1-0 (46) Mamoori,M-Bajarani,I (2405) Iran 1997}) 17. h4 $1 $36 {[%mdl 2048] White is pushing.} h5 {[#]} (17... Nxg4 $2 18. h5 $18) 18. g5 Ng4 {[#]} (18... Nh7 $1 $14) 19. Nh2 $1 $16 Nxh2 20. Kxh2 d4 21. Nxh5 Bxh5 22. Qxh5 g6 ({Better is} 22... Qd7) 23. Qf3 Be7 24. Kg2 Kg7 25. Bd2 f6 (25... dxc3 $142 26. Bxc3 (26. bxc3 Rh8 $16) 26... Qc7 27. Bxa5 Qxa5) 26. Qg3 fxg5 $2 (26... dxc3 {was necessary.} 27. bxc3 Qd6) 27. hxg5 $18 Nc6 (27... Qc7 $142 28. cxd4 Nc6 29. dxe5 Rh8) 28. Bb3 {Black must now prevent Rh1.} Rc8 29. Be6 {To avoid Qd7} (29. Rh1 $142 {[%cal Oh1h7] Threatening mate with Rh7+!} Rh8 30. Rxh8 Qxh8 31. Rh1 Qxh1+ 32. Kxh1) 29... Rc7 30. Rh1 {[%cal Oh1h7] Intending Rh7+! and mate.} dxc3 {[#]} 31. Rh7+ $1 {[%mdl 512] Weighted Error Value: White=0.26 (precise) /Black=0.70} 1-0

[Event "MPL 47th National Women Chess-ch 2022"]
[Site "Odisha"]
[Date "2022.02.28"]
[Round "7.1"]
[White "Kulkarni Bhakti"]
[Black "Divya Deshmukh"]
[Result "0-1"]
[WhiteElo "2388"]
[BlackElo "2301"]
[Annotator "TA"]
[PlyCount "68"]
[EventDate "2022.02.25"]
[EventCountry "IND"]
[SourceTitle "playchess.com"]
[Source "ChessBase"]
[SourceQuality "1"]

{[%evp 16,68,18,18,41,-16,-27,-26,0,0,0,-8,0,-26,12,-18,-16,-12,-14,-14,-7,-10,0,0,0,0,0,0,0,-8,83,-170,-98,-529,-435,-711,-376,-779,-769,-29986,-29987,-29986,-29987,-29987,-29985,-29985,-29986,-29986,-29987,-29987,-29988,-29988,-29967,-29993,-1144]} 1. e4 c5 2. c3 Nf6 3. e5 Nd5 4. Nf3 Nc6 5. Bc4 {[%cal Bf1c4,Bc4b3,Bb3c2][%mdl 32]} Nb6 6. Bb3 c4 7. Bc2 g6 8. O-O Bg7 9. Qe2 O-O {B22: Sicilian: 2 c3.} 10. b3 {[#]} (10. Na3 $14) 10... d5 $146 ({Predecessor:} 10... Qc7 11. Re1 cxb3 12. axb3 d6 13. exd6 exd6 14. Ba3 Rd8 15. d4 Bg4 16. Nbd2 Nxd4 17. cxd4 Qxc2 {0-1 (41) Boutikos,E-Papaioannou,D (1745) Chess.com INT 2020}) 11. h3 {To avoid Bg4} f6 {Black has an edge.} 12. exf6 exf6 13. Re1 Bd7 14. d4 cxd3 15. Qxd3 (15. Bxd3 {with more complications.} Ne5 16. Be3 Qc7 17. Nd4 f5 18. Bf4) 15... Ne5 16. Qd1 Nxf3+ 17. Qxf3 Bc6 18. Qd3 f5 {[%cal Bf6f5,Bf5f4][%mdl 32]} 19. Be3 {Inhibits d4.} d4 20. Bxd4 Bxd4 21. cxd4 Qg5 {[%csl Gc6][%cal Rg5g2]} 22. g3 Qh6 (22... f4 $11) 23. Kh2 $2 {[%mdl 8192] [#]} (23. Nc3 $1 $16 {stays on course.}) 23... f4 $1 $40 {[%mdl 1152] And now ...fxg3+ would win. Black has strong compensation. Black has strong attack.} 24. g4 {[%mdl 8192]} (24. b4 $17 {nothing else works.}) 24... Qh4 {[%cal Rh4f2]} 25. Qd2 (25. Qf1 $142 Nd5 26. Qg1) 25... Nd5 {[%cal Bb6d5,Bd5f4,Bf4e2][%mdl 32] Strongly threatening ...f3.} 26. Na3 $2 (26. Bd3 Nf6 27. Bc4+ Kh8 28. d5) 26... f3 {( -> ...Nf4)} 27. Bd3 Nf4 {Black mates.} ({Less strong is} 27... Qd8 28. Bc4 $16) 28. Bf1 Ne2 29. Bg2 Qxf2 {[%csl Gc6,Gf3][%cal Rf2g2][%mdl 64] Pin} 30. Rxe2 fxe2 {[%csl Gc6][%cal Rf2g2]} 31. d5 Rad8 32. Re1 Rxd5 33. Qxe2 Rd2 34. Qe6+ Qf7 {Weighted Error Value: White=0.89/Black=0.22 (precise)} (34... Rf7 $142 35. Qc8+ Kg7 36. Qxc6 bxc6 37. Rg1 Rf3 38. g5 Qg3+ 39. Kh1 {[#]} Qxh3+ $3 {[%mdl 512]} 40. Bxh3 Rxh3#) 0-1

[Event "MPL 47th National Women Chess-ch 2022"]
[Site "Odisha"]
[Date "2022.02.28"]
[Round "7.2"]
[White "Pratyusha, Bodda"]
[Black "Soumya, Swaminathan"]
[Result "1/2-1/2"]
[WhiteElo "2328"]
[BlackElo "2360"]
[Annotator "TA"]
[PlyCount "98"]
[EventDate "2022.02.25"]
[EventCountry "IND"]
[SourceTitle "playchess.com"]
[Source "ChessBase"]
[SourceQuality "1"]

{[%evp 9,98,0,0,0,9,1,0,0,-8,7,15,-2,5,20,9,10,22,27,16,27,31,26,41,31,33,0,31,-51,-47,-58,74,33,32,32,25,33,42,52,67,74,98,93,98,91,92,79,77,33,143,134,146,135,128,132,210,87,151,158,168,151,183,111,97,20,14,23,13,15,15,15,62,0,57,0,5,-39,-39,-513,-387,-382,-86,-89,18,18,18,18,18,18,18,18,18]} 1. d4 Nf6 2. Bf4 g6 3. Nc3 d5 4. e3 Bg7 5. h4 h5 6. Nf3 {A45: Trompowsky Attack.} O-O {[%cal Oc7c5]} 7. Ne5 c5 8. Qd2 Qa5 9. f3 Nc6 {[#]} 10. Bb5 $146 (10. dxc5 {is more complex.} Nxe5 11. Bxe5 Qxc5 12. O-O-O Ne4 13. Nxe4 dxe4 14. Bd4) ({Predecessor:} 10. Be2 cxd4 11. exd4 Nd7 12. Nxc6 bxc6 13. g4 e5 14. dxe5 Nxe5 15. gxh5 Ba6 16. h6 Bxe2 17. Qxe2 {0-1 (49) Brinovec,D (2244)-Suta,A (2250) Gostovanja 2020}) 10... cxd4 (10... Nd8 {seems wilder.} 11. dxc5 a6 12. Ba4 Ne6 13. Bb3 Nxc5 14. Rd1 Be6) 11. exd4 Nxe5 12. dxe5 Ne8 13. Bxe8 (13. Qxd5 Nc7 14. Qb3 Rd8 $17) 13... Rxe8 14. Qxd5 Qc7 15. O-O-O Be6 16. Qe4 Rac8 17. Kb1 a6 18. Rd2 (18. Rd4 $14) 18... Qa5 $1 $15 19. Nd5 {[%cal Bc3d5,Bd5b4,Bb4d3,Bd3f2,Bf2e4][%mdl 32]} ({Wrong is} 19. Qxb7 $2 Rc7 20. Qe4 Rxc3 $19) 19... b5 ({Don't play} 19... f5 20. Qb4 Qxb4 21. Nxb4 $16) (19... Bf5 $1 $15 20. Qb4 {[#]} Bxc2+ $1 21. Rxc2 Qxd5) 20. Qb4 {Active counter play!} (20. Rhd1 $16) 20... Qxb4 $14 21. Nxb4 Rc4 {[%csl LRb4,LRf4]} 22. Nd3 a5 23. b3 Rc3 24. Nf2 b4 25. Ne4 $36 {[%mdl 2048] Prevents Rc5. White has strong initiative.} Rcc8 26. Rc1 Bf5 27. Rd5 Ra8 28. c3 (28. Rcd1 $16) 28... a4 (28... bxc3 $1 $14 29. Rxc3 Reb8) 29. cxb4 $16 axb3 30. axb3 Be6 31. Ra5 Bxb3 (31... Rab8 $16) 32. Rc7 (32. Kb2 $18 Be6 33. Rxa8 Rxa8 34. Rc7) 32... Rxa5 ({Black should play} 32... Rab8) 33. bxa5 {[#] Hoping for a6.} Ra8 {[%cal Og6g5]} 34. Rc5 f6 35. exf6 (35. Kb2 $18 Ba4 36. Kc3) 35... exf6 36. Rb5 (36. Be3 $16) 36... Bc4 $11 37. Rb8+ Rxb8+ 38. Bxb8 {[%mdl 4096] Endgame KBB-KBN} f5 39. Nc5 {Threatening a6.} Bd4 (39... Bf8 $11 40. Ba7 Kf7) 40. Nd7 (40. Bd6 $14) 40... Kf7 (40... Bb5 $11 41. Ne5 Kg7) 41. Be5 (41. Ne5+ $14 Bxe5 42. Bxe5) 41... Bf2 {And now ...Ke6 would win. A strong pair of Bishops.} 42. Nb8 (42. Bc3 $11 Bf1 43. Ne5+ Ke8 44. Kc1 (44. Nxg6 Bxg2 45. Kc2 Bxf3 $11)) 42... Ke6 $15 43. f4 {[%mdl 8192]} (43. Bf4 $1 $15) 43... Bb5 44. Kb2 Ba7 $2 (44... Bxh4 $19 {and Black stays clearly on top.} 45. Kc1 Bf2) 45. Kc3 Bxb8 (45... Bf1 $17 46. Nc6 Bf2 47. Nd4+ Kd7) 46. Bxb8 $11 {The position is equal.} Kd5 $1 47. Kb4 Ba6 48. Be5 Bf1 49. g3 Ba6 {Quite a comeback for White.  Weighted Error Value: White=0.40/Black=0.36} 1/2-1/2

[Event "MPL 47th National Women Chess-ch 2022"]
[Site "Odisha"]
[Date "2022.02.28"]
[Round "7.3"]
[White "Parnali, S Dharia"]
[Black "Vaishali R"]
[Result "0-1"]
[WhiteElo "2224"]
[BlackElo "2403"]
[Annotator "TA"]
[PlyCount "120"]
[EventDate "2022.02.25"]
[EventCountry "IND"]
[SourceTitle "playchess.com"]
[Source "ChessBase"]
[SourceQuality "1"]

{[%evp 9,120,0,12,8,9,14,0,5,10,-38,-31,-24,0,-10,-13,-11,0,-12,-12,-11,-3,-18,0,-7,0,0,0,0,0,0,0,0,0,-13,-20,-13,-24,-50,-46,-41,-44,-41,-33,-40,-40,-47,-50,-60,-52,-56,-46,-54,-54,-60,-58,-58,-48,-81,0,-40,0,-79,-79,-64,-60,-228,-208,-345,-377,-379,-364,-335,-222,-544,-507,-543,-516,-550,-477,-543,-463,-711,-700,-652,-560,-1043,-1060,-1629,-1488,-1750,-1868,-1546,-1341,-1595,-1615,-1841,-1720,-1600,-1490,-1408,-1394,-2466,-12835,-6211,-7250,-12842,-12842,-12843,-12843,-12846,-12847,-12848,-12849]} 1. d4 Nf6 2. Bf4 d5 3. e3 c5 4. Nd2 Nc6 5. Ngf3 cxd4 6. exd4 {D00: 1 d4 d5: Unusual lines.} Bf5 {6...Qb6 is more advanced technology.} 7. Bb5 Qb6 8. c4 {The position is equal.} dxc4 9. Qa4 (9. a4 $11) 9... a6 $15 10. Bxc6+ Qxc6 (10... bxc6 {keeps more tension.} 11. Nxc4 Qb5 12. Qb3 Nd5 13. Bd2 e6) 11. Qxc6+ bxc6 12. Nxc4 Nd5 {[#]} 13. Bd2 $146 ({Predecessor:} 13. Bg3 f6 14. O-O g5 15. Rfe1 Kf7 16. Na5 h5 17. h4 g4 18. Nh2 Bh6 19. Nc4 {0-1 (33) Skoberne,J (2544)-Nisipeanu,L (2673) Austria 2018}) 13... f6 14. Ke2 e6 15. Rhc1 Rc8 16. Ne1 g5 17. Nd3 Kd7 18. Nc5+ Bxc5 19. dxc5 Rb8 {Prevents Nb6+.} 20. b3 e5 21. g3 h5 22. Nd6 Be6 23. Rc4 h4 24. Ra4 hxg3 25. hxg3 Nc7 26. Be3 Bd5 27. Rd1 Ke6 28. Kd2 Rh2 29. Kc1 Bf3 30. Rd2 Rh1+ 31. Kb2 Re1 32. Nc4 Bd5 33. Nd6 Bf3 ({Better is} 33... Rh8 $17 34. Rb4 Rhh1) 34. Nc4 Bd5 35. Nd6 Rh8 36. Rb4 Rh2 {[%cal Oe1e3] Chess con chili.} 37. Rb7 $2 {[#] Now White is beyond hope.} (37. Rc2 $15) 37... Rxe3 $1 $19 ({Weaker is} 37... Nb5 38. Ne8 Kf5 39. g4+ Kxg4 40. a4 Rxe3 41. Nxf6+ Kf5 42. Nxd5 cxd5 43. axb5 axb5 44. Rc2 $11) 38. Rxc7 {[#]} (38. fxe3 {is the only way for White.} Rxd2+ 39. Kc3) 38... Rxg3 $3 {[%mdl 512]} 39. Ne8 {[%cal Re8g7]} Kf5 40. Nd6+ Kg6 41. Nc8 $2 (41. Rg7+ {nothing else works.} Kxg7 42. Nf5+ Kf7 43. Nxg3) 41... Rf3 {Black is clearly winning.} 42. Ne7+ Kh6 43. Nxd5 Rfxf2 44. Rxf2 Rxf2+ 45. Kc3 (45. Kc1 $142 cxd5 46. Rc8) 45... cxd5 {[%cal Bc6d5,Bd5d4,Bd4d3][%mdl 4128] Endgame KR-KR} 46. c6 Rf3+ 47. Kb4 d4 48. Kc5 Rc3+ 49. Kb6 g4 50. Rc8 Kg7 51. Rc7+ Kg6 52. Rc8 d3 {aiming for ...e4.} 53. c7 e4 54. Rd8 Kf5 55. b4 {[#]} Rxc7 $3 {[%mdl 512]} 56. Kxc7 (56. b5 Rg7) 56... g3 {Hoping for ...g2.} 57. a4 g2 58. b5 axb5 59. axb5 g1=Q 60. b6 Qc5+ {Weighted Error Value: White=0.54/Black=0.09 (flawless)} 0-1

[Event "MPL 47th National Women Chess-ch 2022"]
[Site "Odisha"]
[Date "2022.02.28"]
[Round "7.4"]
[White "Padmini, Rout"]
[Black "Harshini A"]
[Result "1-0"]
[WhiteElo "2350"]
[BlackElo "2131"]
[Annotator "TA"]
[PlyCount "99"]
[EventDate "2022.02.25"]
[EventCountry "IND"]
[SourceTitle "playchess.com"]
[Source "ChessBase"]
[SourceQuality "1"]

{[%evp 17,99,74,73,79,130,124,117,65,54,51,94,91,86,94,96,100,219,165,207,159,254,251,261,209,447,283,324,200,353,312,367,362,349,350,527,531,508,467,475,459,464,464,439,447,571,401,393,382,376,340,568,543,553,608,601,606,637,625,694,700,735,725,838,804,895,864,4662,4058,2852,2807,2727,3201,2796,2170,11943,5631,12841,12841,12841,12841,12841,12841,3032,2125]} 1. e4 e5 2. Nf3 Nc6 3. Bb5 {[%cal Bf1b5,Bb5a4,Ba4b3][%mdl 32]} a6 4. Ba4 Nf6 5. O-O b5 6. Bb3 Bc5 7. c3 d6 8. d4 exd4 9. cxd4 Bb6 10. Nc3 {[%cal Bb1c3,Bc3d5,Bd5c7][%mdl 32] C78: Ruy Lopez: Archangelsk and Möller Defences.} h6 (10... Bg4 $142) 11. e5 $16 dxe5 12. dxe5 (12. Nxe5 $16 Nxe5 13. dxe5 Qxd1 14. Rxd1) 12... Qxd1 $14 13. Rxd1 {[#]} Ng8 $146 {Black is on the road to losing.} (13... Ng4 14. Nd5 $16) (13... Nd7 $14 {might be stronger.}) ({Predecessor:} 13... Ng4 14. Bd5 Bd7 15. Bxf7+ Kxf7 16. Rxd7+ Kg6 17. Bf4 Rae8 18. Ne4 Rhf8 19. Bg3 Ncxe5 20. Nxe5+ Nxe5 21. Rd5 Ng4 22. Nc5 Nf6 {0-1 (22) Kosmac,B (1985)-Jelen,A (1810) Kranj 1996}) 14. Nd5 $16 {Hoping for Be3.} Nge7 15. Be3 Rb8 16. Bxb6 {White is much more active. Black has bad knights.} cxb6 {[#]} (16... Nxd5 $16 17. Bc5 (17. Rxd5 Rxb6 18. Rc5 O-O $16) 17... Nb6) 17. Nc7+ $1 $18 Kf8 18. Rac1 g6 {[#]} (18... Rb7 $16) 19. Rd6 $1 {[%cal Bd1d6,Bd6f6,Bf6b6][%mdl 32] aiming for Rf6.} Bb7 20. Rf6 Nd8 (20... Rh7 {keeps fighting.} 21. Re1 Na5 22. Rxb6 Rc8) 21. Rxb6 Kg7 22. Nxa6 Ra8 (22... Rc8 {was called for.} 23. Rd1 Bxf3 24. gxf3 Rc6) 23. Nb4 Nf5 24. Rc7 Bxf3 25. gxf3 {Bd5 is the strong threat.} Nd4 (25... Re8 $142 26. Nc6 (26. Rxb5 Nd4 $16) 26... Ne6) 26. Bd5 Ra4 27. a3 Re8 28. Rd7 ({Weaker is} 28. Rc8 Rf8 29. Nc2 N4e6 $18) 28... N8e6 29. Rbb7 Rf8 30. Kf1 Raa8 {[#]} 31. Rxf7+ $3 {[%mdl 512]} Rxf7 32. Rxf7+ {[%mdl 64] Discovered Attack} Kxf7 33. Bxa8 {[%mdl 4096] Endgame KBN-KNN} Ng5 $2 (33... Nf4 {might work better.} 34. Nc6 Nde6) 34. Bd5+ {White is clearly winning.} Kf8 35. f4 Nge6 36. Nd3 Nc7 37. Be4 Kg7 38. Ke1 Nde6 39. Kd2 Nd4 40. Nc5 h5 41. Kd3 Nde6 42. Nxe6+ Nxe6 {KB-KN} 43. f5 gxf5 44. Bxf5 Nc5+ 45. Kd4 Na4 46. b4 {And now Bc2 would win.} Nb2 47. Bd3 Nd1 48. f4 Nf2 49. Bxb5 Nh3 50. Ke4 {Weighted Error Value: White=0.28 (precise) /Black=0.63} 1-0

[Event "MPL 47th National Women Chess-ch 2022"]
[Site "Odisha"]
[Date "2022.02.28"]
[Round "7.5"]
[White "Bommini Mounika Akshaya"]
[Black "Priyanka Nutakki"]
[Result "0-1"]
[WhiteElo "2145"]
[BlackElo "2301"]
[Annotator "TA"]
[PlyCount "62"]
[EventDate "2022.02.25"]
[EventCountry "IND"]
[SourceTitle "playchess.com"]
[Source "ChessBase"]
[SourceQuality "1"]

{[%evp 9,62,-17,-6,-9,-8,-10,41,34,63,14,21,19,43,0,0,-39,-40,-112,-109,-250,-235,-238,-241,-230,-235,-312,-327,-314,-313,-325,-319,-313,-297,-279,-215,-1000,-999,-914,-538,-520,-427,-743,-831,-1037,-1034,-1440,-1343,-1373,-1378,-1522,-1485,-29994,-29994,-29995,-29995]} 1. d4 d5 2. Nc3 Nf6 3. Bf4 c5 4. e3 cxd4 5. exd4 a6 6. Nf3 {B13: Caro-Kann: Exchange Variation and Panov-Botvinnik Attack.} Nc6 7. Ne5 Bf5 (7... Bd7 $11) 8. g4 $1 $14 {White is slightly better.} Nxe5 9. gxf5 (9. dxe5 $14 Nxg4 10. f3) 9... Nc6 $1 $11 10. Qd3 {[#]} Rc8 $146 ({Predecessor:} 10... g6 11. O-O-O Bg7 12. h4 Nb4 13. Qe2 gxf5 14. Rg1 Rg8 15. Bh3 Qd7 16. Be5 Kf8 {1-0 (38) Aronian,L (2799)-Le,Q (2739) Saint Louis 2017}) 11. a3 {To avoid Nb4} (11. Bg2 $1 $14 {deserves consideration.}) 11... g6 $1 12. fxg6 hxg6 {[%cal Of6e4]} 13. Rg1 (13. h4 $15) 13... Rh4 14. Be5 {Now White is beyond hope.} (14. Be3 $17) 14... Ne4 $19 15. Nxe4 Rxe4+ 16. Be2 f6 17. f3 {[#]} Rxe2+ {[%mdl 512]} 18. Kxe2 fxe5 19. Qxg6+ Kd7 20. dxe5 Nd4+ {[%mdl 64] Discovered Attack} (20... Nxe5 21. Qf5+ Kd6 22. Rg5 $14) 21. Kd3 Ne6 {Chess con chili.} ({Stronger than} 21... Rc4 22. c3 (22. b3 $2 Qc8 $19) 22... Nc6 23. e6+ Kd6 24. Rae1 $15) 22. Qg4 $2 (22. Kd2) 22... Rc4 {[%cal Bc8c4,Bc4f4,Bf4h4,Bh4h2][%mdl 32]} 23. Qf5 Rf4 24. Qh3 Qc7 {[#] Strongly threatening ...Qc4+.} 25. c3 (25. Rg4 $142 Qc4+ 26. Kd2 Qd4+ 27. Ke2) 25... Qc4+ ({But not} 25... Qxe5 $2 26. Rad1 $19) 26. Kd2 Rh4 27. Qg3 Bh6+ 28. Kc2 Qe2+ 29. Kb1 Rxh2 {[%csl Gh2][%cal Re2b2]} 30. Ra2 Qc2+ 31. Ka1 Nc5 {Weighted Error Value: White=1.11/Black=0.25 (precise)} 0-1